Football teams in Europe's top 5 leagues - Statistics

General Stats
  • This quiz has been taken 278 times
  • The average score is 61 of 98
Answer Stats
Premier League % Correct
Manchester City
96%
Manchester United
96%
Arsenal
95%
FC Barcelona
93%
Real Madrid
93%
Aston Villa
92%
Bayern Munich
92%
Chelsea
92%
Liverpool
92%
Milan
92%
Paris Saint-Germain
91%
Inter
90%
Juventus
90%
Tottenham Hotspur
90%
Borussia Dortmund
89%
Atlético de Madrid
85%
Leicester City
84%
Roma
84%
Wolverhampton Wanderers
84%
Brighton & Hove Albion
83%
Napoli
83%
Newcastle United
83%
Olympique Lyonnais
83%
Sevilla FC
82%
West Ham United
82%
Everton
81%
Olympique De Marseille
80%
Valencia CF
80%
Lazio
78%
Leeds United
77%
Crystal Palace
76%
Southampton
75%
AFC Bournemouth
73%
Fulham
73%
AS Monaco
72%
Athletic Club
72%
LOSC Lille
72%
Real Sociedad
72%
Nottingham Forest
71%
Real Betis
71%
Brentford
70%
Bayer 04 Leverkusen
69%
1. FC Union Berlin
67%
RB Leipzig
67%
OGC Nice
65%
Atalanta
64%
1. FC Köln
60%
Stade Rennais FC
59%
Torino
59%
Fiorentina
58%
Girona FC
58%
RC Lens
58%
FC Schalke 04
57%
VFL Wolfsburg
57%
Eintracht Frankfurt
55%
FC Nantes
54%
RCD Espanyol de Barcelona
54%
VFB Stuttgart
54%
Bologna
53%
Getafe CF
53%
Cádiz CF
52%
RCD Mallorca
52%
Borussia Mönchengladbach
51%
Mainz 05
51%
Villarreal CF
50%
Toulouse FC
49%
RC Celta
48%
Hertha Berlin
47%
Werder Bremen
47%
Montpellier Hérault SC
46%
Sassuolo
46%
Stade De Reims
46%
Hellas Verona
45%
Sampdoria
45%
Udinese
45%
RC Strasbourg Alsace
44%
Stade Brestois 29
44%
Rayo Vallecano
43%
SC Freiburg
43%
Lecce
42%
1899 Hoffenheim
40%
FC Augsburg
40%
CA Osasuna
37%
Elche CF
37%
Real Valladolid CF
37%
Angers SCO
36%
AC Ajaccio
35%
FC Lorient
35%
Monza
35%
UD Almeria
35%
Clermont Foot 63
33%
Empoli
33%
AJ Auxerre
32%
Estac Troyes
32%
Salernitana
32%
Spezia
31%
VFL Bochum
31%
Cremonese
26%
No matching quizzes found
Score Distribution
Percent of People with Each Score
Percentile by Number Answered
Your Score History
You have not taken this quiz